PEDIATRIC DENTISTRY (Record no. 4702)

MARC details
000 -LEADER
fixed length control field 00339nam a2200145Ia 4500
008 - FIXED-LENGTH DATA ELEMENTS--GENERAL INFORMATION
fixed length control field 150201s2010 xx 000 0 und d
082 ## - DEWEY DECIMAL CLASSIFICATION NUMBER
Classification number 617.645
Item number P2010P
100 ## - MAIN ENTRY--PERSONAL NAME
Personal name PINKHAM,JIMMY
245 ## - TITLE STATEMENT
Title PEDIATRIC DENTISTRY
250 ## - EDITION STATEMENT
Edition statement 4TH
260 ## - PUBLICATION, DISTRIBUTION, ETC. (IMPRINT)
Name of publisher, distributor, etc. ELSEVIER
Place of publication, distribution, etc. DELHI
Date of publication, distribution, etc. 2010
300 ## - PHYSICAL DESCRIPTION
Extent 1-750
650 ## - SUBJECT ADDED ENTRY--TOPICAL TERM
Topical term or geographic name as entry element PEDODONTICS
942 ## - ADDED ENTRY ELEMENTS (KOHA)
Source of classification or shelving scheme Dewey Decimal Classification
Koha item type Books
Koha issues (borrowed), all copies 3
Holdings
Withdrawn status Lost status Source of classification or shelving scheme Damaged status Not for loan Home library Current library Date acquired Source of acquisition Cost, normal purchase price Serial Enumeration / chronology SGTU Bill Number Total Checkouts Full call number Barcode Date last seen Date last checked out Bill Date Koha item type
    Dewey Decimal Classification     SGT Dental Library SGT Dental Library 11/11/2011 U.B.S.DELHI 1540.00 1 SGTU 514 4 617.645 P2010P FD6616 27/12/2024 20/12/2024 15/06/2013 Books
    Dewey Decimal Classification     SGT Dental Library SGT Dental Library 11/11/2011 U.B.S.DELHI 1540.00 1 SGTU 514 1 617.645 P2010P FD6617 26/08/2021 25/08/2021 15/06/2013 Books